Vista normal
Vista MARC
Entrada Personal Name
Número de registros utilizados en: 1
001 - CONTROL NUMBER
- control field: 40780
003 - CONTROL NUMBER IDENTIFIER
- control field: OSt
005 - DATE AND TIME OF LATEST TRANSACTION
- control field: 20210923173931.0
008 - FIXED-LENGTH DATA ELEMENTS
- fixed length control field: 210923|| aca||aabn | a|a d
040 ## - CATALOGING SOURCE
- Original cataloging agency: OSt
- Transcribing agency: OSt
100 ## - HEADING--PERSONAL NAME
- Personal name: Hoyos de Arbeláez, Luz Helena
670 ## - SOURCE DATA FOUND
- Source citation: Work cat.: (OSt)8577: Caicedo, Elizabeth, 17677 autora, Impacto de una redistribución del ingreso sobre la nutrición humana / , 1977